Francouzská textová cvičebnice pro posluchače strojního inženýrství /
Salvato in:
| Autore principale: | |
|---|---|
| Natura: | Libro |
| Lingua: | ceco |
| Pubblicazione: |
Praha :
České vysoké učení technické v Praze,
1985
|
| Edizione: | 4.vyd. |
| Soggetti: | |
| Accesso online: | OBSAH |
| Tags: |
Nessun Tag, puoi essere il primo ad aggiungerne!!
|
MARC
| LEADER | 00000nam a22000003a 4500 | ||
|---|---|---|---|
| 001 | stu40316 | ||
| 005 | 20150617225721.9 | ||
| 008 | 930419s1985----cs------------------cze-d | ||
| 040 | |a STU |b slo | ||
| 041 | 0 | |a cze | |
| 044 | |a cs | ||
| 080 | |a 804.0(075.8) | ||
| 100 | 1 | |a Pařízková, Libuše |4 aut | |
| 245 | 1 | |a Francouzská textová cvičebnice pro posluchače strojního inženýrství / |c [aut.]Libuše Pařízková | |
| 250 | |a 4.vyd. | ||
| 260 | |a Praha : |b České vysoké učení technické v Praze, |c 1985 | ||
| 300 | |a 114 s | ||
| 650 | 7 | |a francúzština |2 stusub | |
| 856 | 4 | |a https://sweb.mtf.stuba.sk/obsahy/Francouzska_textova_cvicebnice_pro_posluchace_strojniho_inz_85 |u https://sweb.mtf.stuba.sk/obsahy/Francouzska_textova_cvicebnice_pro_posluchace_strojniho_inz_85 |3 OBSAH | |
| 996 | |b 284M040564 |c M*S-144-11 |l MMKN |s A |a 24 |w stu40316_0001 | ||
| 996 | |b 284M040565 |c M*S-144-15 |l MMKN |s A |a 24 |w stu40316_0002 | ||
| 996 | |b 284M040574 |c M*S-144-16 |l MMKN |s A |a 24 |w stu40316_0003 | ||
| 996 | |b 284M051130 |c M*S-144-2 |l MMKN |s A |a 24 |w stu40316_0004 | ||
| 996 | |b 284M040566 |c M*S-144-3 |l MMKN |s A |a 24 |w stu40316_0005 | ||
| 996 | |b 284M016057 |c M*S-144-5 |l MMKN |s A |a 24 |w stu40316_0006 | ||